00459nam a2200181 a 4500001001300000003000900013005001700022008004100039020000900080082001500089100000700104245004800111260004200159300000800201500003500209505002600244700000700270nice12345678IN_TiNIC20260116013746.0050524s1998 newa grp 000 0 eng  ac3500a297.2bKIT a,  aKitaab-Ul-Imanb the Book of Islamic Faith. aNew DelhibIslamic Book Servicec1998 a99p aincludes index and biblioraphy2 aIndex of proper names1 a,